000 01841nam0a2200373 4500
001 RU\NLR\bibl\908137
005 20260405100810.0
010 _a5-85646-129-0
_bв пер.
_92500
021 _aRU
_b2005-81059
_94006
035 _a(nilc)RSL-KNO-002792340
035 _a(NLR Aleph) 000896501
090 _a1750881
_c1750881
100 _a20051208d2005 |||y0rusy50 ca
101 0 _arus
102 _aRU
105 _ay |||||||||
106 _ar
200 1 _aПервый председатель КГБ Иван Серов
_fНикита Петров
210 _aМосква
_cМатерик
_d2005
_gОАО Яросл. полигр. комб.
215 _a409,[5] с.
_d20
320 _aБиблиогр. в подстроч. примеч.
320 _aУказ. имен: с. 352-409
600 1 _aСеров
_bИ.А.
_f1905 - 1990
_gИван Александрович
_92423359
_3RU\NLR\auth\661442995
610 0 _aГосударство и право. Юридические науки -- Административное право -- СССР -- Организация управления в области административно-политической деятельности государства -- Управление в области охраны государственной безопасности -- Органы управления -- Центральные органы
686 _aХ621.162.011,0
_2rubbk
686 _aЦ68,6(2)-243дСеров И.А.
686 _aХ621.162.01-1
700 1 _4070
_7ca
_8rus
_aПетров
_bН. В.
_cисторик
_f1957-
_gНикита Васильевич
_919872
_3RU\NLR\auth\7736883
801 0 _aRU
_bRuMoRKP
_c20051208
_grcr
801 1 _aRU
_bРГБ
_c20051208
801 2 _aRU
_bNLR
_c20060216
_grcr
942 _cBOOK
980 _aNB